Polityčnyj ruch "Obruč" Propozycija dokumentu

Bibliographic Details
Format: Article
Language:Ukrainian
Slovak
Subjects:

MARC

LEADER 00000nab a2200000 a 4500
001 vtls000431900
003 SK-MaSNL
005 20260319075241.0
008 180130c1991 xo 0 ukr
015 |a SNBRB19rr/mm-uuuuu 
035 |a CL0432028 
040 |a SNKBUCL  |b slo  |c SNKBUCL  |e AACR2 
041 0 |a slo 
044 |a xo  |c SK 
080 |a 323.15(437):329.14  |2 1981 
080 |a 329.14  |2 1981 
080 |a 329.14(=83=831)  |2 1981 
245 0 0 |a Polityčnyj ruch "Obruč"  |b Propozycija dokumentu 
500 |a V rubrike Politika/Ekonomika. 
650 0 7 |a Obruč (hnutie politické)  |2 snkbucl  |9 967800 
655 7 |a články z novín a časopisov  |2 snkbucl  |9 267496 
773 0 |t Nove žyttja  |g Roč. 41, č. 14 (1991), s. /1/, 10 
850 |a Slovenská národná knižnica v Martine  |a MTA001 
852 |a SNK  |b KIS3GCP 
958 |a RK 
958 |a UK 
992 |a RBX 
999 |c 1547310  |d 1549240